000 00790cam a22002773a 4500
001 228
003 PGUSA
005 20140828082945.0
008 950301s1995||||xxu|||||s|||||000 p eng d
040 _aPGUSA
_beng
042 _adc
050 4 _aPA
100 1 _aVirgil,
_d-70--19
245 1 4 _aThe Aeneid
_h[electronic resource] /
_cVirgil
260 _bProject Gutenberg,
_c1995
506 _aPublic domain in the USA.
516 _aElectronic text
653 _aLegends -- Rome -- Poetry
653 _aEpic poetry, Latin -- Translations into English
653 _aAeneas (Legendary character) -- Poetry
700 1 _aDryden, John,
_d1631-1700
740 0 _aAeneis. English
830 0 _aProject Gutenberg
_v228
856 4 0 _uhttp://www.gutenberg.org/ebooks/228
942 _cEB
999 _c229581
_d229581